| 000 | 00871cam a2200241u 4500 | ||
|---|---|---|---|
| 001 | 9866629 | ||
| 005 | 20030807155148.0 | ||
| 008 | 830421s1965 nyu | 000 0 eng d | ||
| 010 | _a 65024933 | ||
| 040 |
_aDLC _cCarP _dDLC |
||
| 043 | _an-us--- | ||
| 050 | 0 | 0 |
_aUA23 _b.K494 |
| 082 |
_222 _a355.0330973 _bKIS |
||
| 245 | 0 | 0 |
_aProblems of National Strategy : _bA Book of Readings/ _cEdited by Henry A. Kissinger |
| 260 |
_aNew York: _bPraeger, _c1965 |
||
| 300 |
_aix, 477 p.; _c21 cm. |
||
| 500 | _aDonated by: Alaa Abdel Ghany | ||
| 651 | 0 |
_aUnited States _xMilitary policy. _910233 |
|
| 651 | 0 |
_aUnited States _xDefenses. _910234 |
|
| 700 | 1 |
_aKissinger, Henry, _d1923- _910235 |
|
| 942 |
_2ddc _cBB |
||
| 999 |
_c13106 _d13106 |
||